Právo na príjem informácií versus prezumpcia neviny

Bibliographic Details
Main Author: Drgonec, Ján (Author)
Format: Article
Language:Slovak
PhysicalDescription:Lit. 2 zázn. v angl.
Subjects:

MARC

LEADER 00000nab a2200000 a 4500
001 vtls000616161
003 SK-MaSNL
005 20260304083247.0
008 250425c1996 xo 0 slo
015 |a SNBRB19rr/mm-uuuuu 
035 |a CL0616300 
035 |a urn:nbn:sk:snk-abg7z 
035 |a (urnnbn)urn:nbn:sk:snk:ar-0037je 
035 |a (uuid)f4577a70-0b14-4a1b-9a2d-b22899142f74 
040 |a SNKBUCL  |b slo  |c SNKBUCL  |e AACR2 
041 0 |a slo 
044 |a xo  |c SK 
080 |a 347.94:343.121  |2 1981 
080 |a 343.121  |2 1981 
100 1 |a Drgonec, Ján  |4 aut  |9 277749 
245 1 0 |a Právo na príjem informácií versus prezumpcia neviny  |c Ján Drgonec 
300 |b Lit. 2 zázn. v angl. 
650 0 7 |a prezumpcia neviny  |2 snkbucl  |9 304680 
650 0 7 |a osoby trestne stíhané  |2 snkbucl  |9 1373584 
650 0 7 |a zverejňovanie informácií  |2 snkbucl  |9 1341787 
655 7 |a články z novín a časopisov  |2 snkbucl  |9 267496 
773 0 |t Justičná revue  |g Roč. 48, č. 2 (1996), s. 20-24 
850 |a Slovenská národná knižnica 
852 |a Slovenská národná knižnica 
954 |a odborná, vedecká literatúra pôvodná (slovenská)  |2 lita 
958 |a article27 
958 |a OND 
958 |a SK 
958 |a NX 
958 |a RK 
958 |a EUIPO 
992 |a RBX 
999 |c 2800101  |d 2802031